Šance pre sólistov Slovenský komorný orchester na abonentných koncertoch

Bibliographic Details
Format: Article
Language:Slovak
Subjects:

MARC

LEADER 00000nab a2200000 ar4500
001 vtls009281628
003 SK-MaSNL
005 20260426064508.0
008 080402c19760126xo |r|p|||||||000 b|slo
015 |a SNBRB1976 
038 |a SNKBUCL 
040 |a SNKBUCL  |b slo  |c SNKBUCL  |e AACR2 
041 |a slo 
044 |a xo  |c SK 
080 |a 78.071.2:785.7  |2 1997 
080 |a 785.7  |2 1997 
245 0 0 |a Šance pre sólistov  |b Slovenský komorný orchester na abonentných koncertoch  |c [autor] (eč) 
610 2 7 |a Slovenský komorný orchester  |2 snkbucl  |9 98896 
650 0 7 |a koncerty  |2 snkbucl  |9 19182 
651 7 |a Bratislava (Slovensko)  |2 snkbucl  |9 14568 
773 0 |t Večerník  |g (26.1.1976), s. 5 
852 |a SNK  |b KIS3GCP 
958 |a SK 
999 |c 2591339  |d 2593269